Statistics for London A-Z

Click here to take the quiz!

General Stats

  • This quiz has been taken 20,765 times
  • The average score is 20 of 25

Answer Stats

Clue Answer % Correct
TMajor riverThames
96%
YPolice HQ location: Scotland ____Yard
95%
QFreddie Mercury's bandQueen
95%
EGiant ferris wheel: The London ___Eye
94%
UThe tube, officially:
London __________
Underground
94%
WAbbey where monarchs are buriedWestminster
91%
JQueen's 2012 celebration:
Diamond _______
Jubilee
90%
DPrime Minister's streetDowning
89%
PLondon's most famous "circus"Piccadilly
89%
APremier League teamArsenal
88%
NPlace to see a carnival: _______ HillNotting
86%
CAccent with rhyming slangCockney
86%
ZType of crossing to find
on Abbey Road
Zebra
85%
KRoyal palaceKensington
84%
GLondon's second busiest airportGatwick
84%
HUpscale department storeHarrods
83%
RBird to find at the Tower of LondonRaven
80%
STallest building: The ______Shard
73%
MKen Livingstone or Boris JohnsonMayor
71%
VSecond busiest train stationVictoria
67%
BCeremonial guard of the
Tower of London
Beefeater
65%
OCricket arena: The ____Oval
60%
FPink newspaper: _________ TimesFinancial
59%
LInsurance market:
______'s of London
Lloyd
57%
IAngel tube station localeIslington
56%

Score Distribution

Percentile by Number Answered

Percent of People with Each Score

Your Score History

You have not taken this quiz